[Event "Chigorin Memorial 28th"]
[Site "St Petersburg"]
[Date "2021.10.29"]
[Round "7"]
[White "Klepikov, Nikita"]
[Black "Nikolaev, Matvei"]
[Result "1-0"]
[WhiteElo "2199"]
[BlackElo "1936"]
[PlyCount "120"]
[EventDate "2021.10.23"]
[EventType "swiss"]
[EventRounds "9"]
[EventCountry "RUS"]
[SourceTitle "EXT 2023"]
[Source "ChessBase"]
[SourceDate "2022.10.05"]
[SourceVersion "1"]
[SourceVersionDate "2022.10.05"]
[SourceQuality "1"]

1. e4 c5 2. Nf3 Nc6 3. d4 cxd4 4. Nxd4 Nf6 5. Nc3 e5 6. Ndb5 d6 7. Nd5 Nxd5 8. exd5 Ne7 9. c3 Nf5 10. Bd3 a6 11. Na3 Be7 12. 0-0 0-0 13. Nc4 Bd7 14. f4 b5 15. Bxf5 Bxf5 16. fxe5 bxc4 17. Rxf5 dxe5 18. Rxe5 Bd6 19. Re4 Qc7 20. Qe2 Bxh2+ 21. Kh1 Rac8 22. b3 cxb3 23. axb3 Bg3 24. Bd2 Qb7 25. Qd3 f5 26. Re6 f4 27. c4 Qf7 28. Qf3 Qf5 29. Kg1 Rce8 30. Qe2 Rb8 31. b4 Rbd8 32. Raxa6 Qb1+ 33. Be1 Qb3 34. Ra7 Kh8 35. Qe5 Rg8 36. Qc3 Qd1 37. Ra1 Qg4 38. Bxg3 fxg3 39. Re3 Rc8 40. Rc1 Qf4 41. Rxg3 Rxc4 42. Qxc4 Qxg3 43. Qd4 Rd8 44. d6 h6 45. d7 Kh7 46. Rc8 Qe1+ 47. Kh2 Qe7 48. Rxd8 Qxd8 49. Qe4+ g6 50. Qd4 h5 51. g3 Kg8 52. Qd5+ Kg7 53. Kh3 g5 54. b5 Kg6 55. Qe6+ Kg7 56. b6 Qa8 57. Qe7+ Kh6 58. Qe1 Qb7 59. d8Q g4+ 60. Kh2 Qf7 1-0

[Event "Chigorin Memorial 28th"]
[Site "St Petersburg"]
[Date "2021.10.28"]
[Round "6"]
[White "Nikolaev, Matvei"]
[Black "Melnikov, Fedor"]
[Result "1-0"]
[WhiteElo "1936"]
[BlackElo "1622"]
[PlyCount "73"]
[EventDate "2021.10.23"]
[EventType "swiss"]
[EventRounds "9"]
[EventCountry "RUS"]
[SourceTitle "EXT 2023"]
[Source "ChessBase"]
[SourceDate "2022.10.05"]
[SourceVersion "1"]
[SourceVersionDate "2022.10.05"]
[SourceQuality "1"]

1. d4 Nf6 2. Nf3 e6 3. c4 c5 4. e3 d5 5. Nc3 Nc6 6. cxd5 exd5 7. Ne5 Bd6 8. Bb5 Qc7 9. Qa4 Bd7 10. Nxd7 Qxd7 11. 0-0 0-0 12. Rd1 a6 13. Be2 b5 14. Qc2 c4 15. e4 dxe4 16. Bg5 Ng4 17. Qxe4 Bxh2+ 18. Kf1 f5 19. Qd5+ Qxd5 20. Nxd5 h6 21. Ne7+ Nxe7 22. Bxe7 Rfe8 23. Bf3 Rab8 24. Bb4 Bc7 25. Bc6 Nh2+ 26. Kg1 Re2 27. Re1 Rxe1+ 28. Rxe1 Rd8 29. d5 Ng4 30. Be7 Rb8 31. d6 Bb6 32. Bd5+ Kh7 33. Re2 Nf6 34. Be6 f4 35. Bf5+ Kh8 36. d7 Bd8 37. Bd6 1-0

[Event "Chigorin Memorial 28th"]
[Site "St Petersburg"]
[Date "2021.10.27"]
[Round "5"]
[White "Chervyakova, Tatiana"]
[Black "Nikolaev, Matvei"]
[Result "1/2-1/2"]
[WhiteElo "1630"]
[BlackElo "1936"]
[PlyCount "158"]
[EventDate "2021.10.23"]
[EventType "swiss"]
[EventRounds "9"]
[EventCountry "RUS"]
[SourceTitle "EXT 2023"]
[Source "ChessBase"]
[SourceDate "2022.10.05"]
[SourceVersion "1"]
[SourceVersionDate "2022.10.05"]
[SourceQuality "1"]

1. d4 Nf6 2. Nf3 g6 3. Nbd2 d5 4. e3 Bg7 5. b4 0-0 6. Bb2 Nbd7 7. Be2 Re8 8. 0-0 b6 9. c4 Bb7 10. c5 c6 11. Rc1 Rc8 12. Qc2 Qc7 13. Rfe1 Nh5 14. e4 Nf4 15. exd5 Nxd5 16. Qb3 b5 17. a4 a6 18. Ne4 N7f6 19. Bd3 Nf4 20. Nxf6+ exf6 21. Bf1 Rcd8 22. g3 Nd5 23. axb5 axb5 24. Bg2 Bc8 25. Bc3 Be6 26. Bd2 Ra8 27. Qb2 Ra4 28. Bh3 f5 29. Ng5 Qd7 30. Nxe6 Rxe6 31. Bg2 Nf6 32. Ra1 Rxa1 33. Qxa1 Ne4 34. Bxe4 fxe4 35. Be3 h6 36. Rd1 Qd5 37. Rd2 Qc4 38. Qb2 Re8 39. Rc2 Qe6 40. Qa2 Qf5 41. Qa6 Re6 42. Rd2 h5 43. h4 Bf6 44. d5 cxd5 45. Qa8+ Kg7 46. Qxd5 Qg4 47. Bg5 e3 48. Bxe3 Qxb4 49. c6 Qc3 50. Rd3 Qc4 51. c7 Qxc7 52. Qxb5 Re4 53. Qd5 Rg4 54. Bd4 Qc1+ 55. Kg2 Bxd4 56. Rxd4 Rxd4 57. Qxd4+ Kg8 58. Qd8+ Kh7 59. Qd7 Qc4 60. Qb7 Kg7 61. Qb2+ Kg8 62. Qb8+ Kh7 63. Qb7 Qe6 64. Qf3 Kg7 65. Qc3+ Qf6 66. Qc5 Qb2 67. Qc6 Qd4 68. Qf3 f6 69. Qb7+ Kh6 70. Qf7 Qd8 71. Kh2 Qh8 72. Qe7 Qg7 73. Qe3+ g5 74. hxg5+ Qxg5 75. Qe7 Kg6 76. Qe8+ Kf5 77. Qb5+ Ke4 78. Qc6+ Kd3 79. Qf3+ Kd4 1/2-1/2

[Event "Chigorin Memorial 28th"]
[Site "St Petersburg"]
[Date "2021.10.25"]
[Round "3"]
[White "Nikolaev, Matvei"]
[Black "Shevtsova, Stefania"]
[Result "1-0"]
[WhiteElo "1936"]
[BlackElo "1638"]
[PlyCount "79"]
[EventDate "2021.10.23"]
[EventType "swiss"]
[EventRounds "9"]
[EventCountry "RUS"]
[SourceTitle "EXT 2023"]
[Source "ChessBase"]
[SourceDate "2022.10.05"]
[SourceVersion "1"]
[SourceVersionDate "2022.10.05"]
[SourceQuality "1"]

1. e4 c6 2. d4 d5 3. Nc3 dxe4 4. Nxe4 Bf5 5. Ng3 Bg6 6. c3 e6 7. h4 h6 8. N1e2 Bd6 9. Nf4 Bxf4 10. Bxf4 Nf6 11. Bc4 0-0 12. h5 Bh7 13. 0-0 Nbd7 14. Qf3 Nb6 15. Bb3 a5 16. a3 Nbd5 17. Be5 a4 18. Ba2 Qe7 19. c4 Nb6 20. Qf4 Rfc8 21. Bd6 Qd8 22. Rfe1 Nbd7 23. Rad1 Qb6 24. Rd2 Ne8 25. Bb4 c5 26. Bc3 Qc7 27. Qh4 Nef6 28. d5 exd5 29. cxd5 Re8 30. Red1 Qd6 31. Bb1 Bxb1 32. Rxb1 Rad8 33. Nf5 Qa6 34. d6 Re4 35. Qg3 Rg4 36. Qf3 Re8 37. Rbd1 Re6 38. Bxf6 Nxf6 39. d7 Nxd7 40. Qxg4 1-0

[Event "Cheliabinsk Panchenko Memorial op-A"]
[Site "Cheliabinsk"]
[Date "2021.09.16"]
[Round "4"]
[White "Nikolaev, Matvei"]
[Black "Rezvy, Lev"]
[Result "1-0"]
[WhiteElo "1974"]
[BlackElo "2203"]
[PlyCount "105"]
[EventDate "2021.09.13"]
[EventType "swiss"]
[EventRounds "10"]
[EventCountry "RUS"]
[SourceTitle "CBM 204 Extra"]
[Source "ChessBase"]
[SourceDate "2021.11.30"]
[SourceVersion "1"]
[SourceVersionDate "2021.11.30"]
[SourceQuality "1"]

1. e4 e6 2. d4 d5 3. Nc3 Bb4 4. e5 c5 5. a3 Bxc3+ 6. bxc3 Ne7 7. Qg4 cxd4 8. Bd3 Qa5 9. Ne2 Nd7 10. 0-0 dxc3 11. Qxg7 Rg8 12. Qxh7 Nxe5 13. Bf4 Nxd3 14. Qxd3 Bd7 15. Rab1 b6 16. Rb3 Rc8 17. Bd6 Nf5 18. Be5 Rc4 19. Ng3 Nxg3 20. fxg3 Qc5+ 21. Kh1 Ba4 22. Qf3 Rf8 23. Rxc3 Rxc3 24. Bxc3 Qc7 25. Rf2 f6 26. Bb4 Rf7 27. Qg4 Kd7 28. Re2 Kc8 29. Qxe6+ Qd7 30. Qe3 Kb7 31. h4 d4 32. Qf4 Bc6 33. Kh2 Qd5 34. Rd2 Qe4 35. Qf2 Qe3 36. Qxe3 dxe3 37. Re2 a5 38. Bc3 Be4 39. Bd4 f5 40. c3 Kc6 41. Rxe3 Rh7 42. Re2 b5 43. Kh3 Kd5 44. g4 fxg4+ 45. Kxg4 Rb7 46. Bf6 Bd3 47. Rb2 Rc7 48. Kg5 Ke6 49. Bd4 Rc8 50. g4 Rg8+ 51. Kf4 Kd5 52. g5 Bg6 53. Rxb5+ 1-0

[Event "Cheliabinsk Panchenko Memorial op-A"]
[Site "Cheliabinsk"]
[Date "2021.09.13"]
[Round "1"]
[White "Nikolaev, Matvei"]
[Black "Zarubitski, Viachaslau"]
[Result "0-1"]
[WhiteElo "1974"]
[BlackElo "2416"]
[PlyCount "76"]
[EventDate "2021.09.13"]
[EventType "swiss"]
[EventRounds "10"]
[EventCountry "RUS"]
[SourceTitle "CBM 204 Extra"]
[Source "ChessBase"]
[SourceDate "2021.11.30"]
[SourceVersion "1"]
[SourceVersionDate "2021.11.30"]
[SourceQuality "1"]

1. d4 d6 2. e4 Nf6 3. Nc3 g6 4. h3 Bg7 5. Be3 0-0 6. g3 e5 7. Bg2 c6 8. Nge2 Qc7 9. 0-0 b5 10. a3 Nbd7 11. Qd2 Bb7 12. Rfd1 a5 13. b3 Rfe8 14. d5 b4 15. axb4 axb4 16. Na4 cxd5 17. exd5 e4 18. c4 bxc3 19. Nexc3 Ne5 20. Rac1 Nf3+ 21. Bxf3 exf3 22. Nb6 Rab8 23. Nb5 Qd8 24. Na7 Ne4 25. Qe1 Nxg3 26. fxg3 Bh6 27. Nc4 Bxe3+ 28. Nxe3 Qb6 29. Rc3 Qxa7 30. Qf2 Ba6 31. Ra1 Qd4 32. Rac1 Be2 33. Ng4 Qg7 34. Qa7 h5 35. Nf2 Qe5 36. Kh2 h4 37. Nh1 Qxd5 38. Qd7 Bb5 0-1

[Event "Moscow op-A 17th"]
[Site "Moscow"]
[Date "2021.02.22"]
[Round "3"]
[White "Nikolaev, Matvei"]
[Black "Nakonechny, Ignat"]
[Result "1-0"]
[WhiteElo "1925"]
[BlackElo "2158"]
[PlyCount "72"]
[EventDate "2021.02.20"]
[EventType "swiss"]
[EventRounds "9"]
[EventCountry "RUS"]
[SourceTitle "CBM 200 Extra"]
[Source "ChessBase"]
[SourceDate "2021.03.31"]
[SourceVersion "1"]
[SourceVersionDate "2021.03.31"]
[SourceQuality "1"]

1. e4 Nf6 2. e5 Nd5 3. d4 Nb6 4. Nf3 d6 5. h3 g6 6. exd6 cxd6 7. c4 Bg7 8. Nc3 Nc6 9. Be3 0-0 10. Be2 Bf5 11. 0-0 d5 12. c5 Nc4 13. Bc1 b6 14. cxb6 Nxb6 15. Bf4 f6 16. Bb5 Na5 17. Re1 Rc8 18. Rc1 Nac4 19. Qe2 g5 20. Bh2 Nd6 21. Ba6 Rc7 22. a4 Be4 23. Bxd6 Rxc3 24. Bxe7 Rxc1 25. Bxd8 Rc2 26. Qd1 Rxd8 27. Rxe4 dxe4 28. Qxc2 exf3 29. a5 Nd5 30. Bc4 Kf8 31. Qxh7 Rd6 32. Qf5 Nf4 33. gxf3 Ke8 34. Qc8+ Ke7 35. Qg8 Rxd4 36. Qxg7+ Kd6 1-0

[Event "Moscow op-A 17th"]
[Site "Moscow"]
[Date "2021.02.21"]
[Round "2"]
[White "Lebedev, Artem S"]
[Black "Nikolaev, Matvei"]
[Result "0-1"]
[WhiteElo "1623"]
[BlackElo "1925"]
[PlyCount "80"]
[EventDate "2021.02.20"]
[EventType "swiss"]
[EventRounds "9"]
[EventCountry "RUS"]
[SourceTitle "CBM 200 Extra"]
[Source "ChessBase"]
[SourceDate "2021.03.31"]
[SourceVersion "1"]
[SourceVersionDate "2021.03.31"]
[SourceQuality "1"]

1. e4 c5 2. Nf3 d6 3. d4 cxd4 4. Nxd4 Nf6 5. Nc3 a6 6. Be3 Nc6 7. Qd2 Qc7 8. 0-0-0 b5 9. Nxc6 Qxc6 10. f3 Bb7 11. Kb1 e6 12. g4 Be7 13. Bg2 Rc8 14. Rhg1 0-0 15. g5 Nd7 16. f4 b4 17. Ne2 Nc5 18. e5 d5 19. Nd4 Qc7 20. f5 exf5 21. Nxf5 Qxe5 22. Rgf1 Qc7 23. Bd4 Ne6 24. h4 Bc5 25. Bxc5 Qxc5 26. h5 Rc7 27. Rde1 Rfc8 28. g6 hxg6 29. hxg6 fxg6 30. Nh6+ gxh6 31. Rxe6 Qxc2+ 32. Qxc2 Rxc2 33. Rxg6+ Kh7 34. Rg4 R8c7 35. Rg1 a5 36. Bf3 Rf2 37. Bd1 Bc8 38. R4g3 Bf5+ 39. Bc2 Rfxc2 40. a3 b3 0-1

[Event "Moscow op-A 17th"]
[Site "Moscow"]
[Date "2021.02.20"]
[Round "1"]
[White "Nikolaev, Matvei"]
[Black "Zarubitski, Viachaslau"]
[Result "0-1"]
[WhiteElo "1925"]
[BlackElo "2446"]
[PlyCount "72"]
[EventDate "2021.02.20"]
[EventType "swiss"]
[EventRounds "9"]
[EventCountry "RUS"]
[SourceTitle "CBM 200 Extra"]
[Source "ChessBase"]
[SourceDate "2021.03.31"]
[SourceVersion "1"]
[SourceVersionDate "2021.03.31"]
[SourceQuality "1"]

1. e4 e6 2. d4 b6 3. Nc3 Bb7 4. Nf3 d5 5. exd5 exd5 6. Bb5+ c6 7. Bd3 Nf6 8. 0-0 Be7 9. Re1 0-0 10. Bg5 c5 11. Qd2 Nbd7 12. Rad1 Re8 13. Bf5 cxd4 14. Qxd4 h6 15. Bh4 Nc5 16. b4 Nce4 17. Nxe4 dxe4 18. Qb2 Qc7 19. Nd4 Rad8 20. Bg3 Qc4 21. a3 g6 22. Bh3 Nh5 23. Be5 Bh4 24. Bg3 Bf6 25. c3 Bc8 26. Qe2 Qxe2 27. Rxe2 Bxh3 28. gxh3 Bg7 29. Red2 f5 30. Bc7 Rc8 31. Nb5 e3 32. fxe3 Rxe3 33. Rd7 Nf6 34. R7d3 Rxd3 35. Rxd3 a6 36. Bxb6 axb5 0-1

[Event "Nezhmetdinov Memorial 40th"]
[Site "Kazan"]
[Date "2018.09.15"]
[Round "3"]
[White "Nikolaev, Matvei"]
[Black "Shoboev, Dandar"]
[Result "0-1"]
[WhiteElo "1807"]
[BlackElo "2237"]
[PlyCount "80"]
[EventDate "2018.09.13"]
[EventType "swiss"]
[EventRounds "9"]
[EventCountry "RUS"]
[SourceTitle "CBM 186 Extra"]
[Source "ChessBase"]
[SourceDate "2018.08.24"]
[SourceVersion "1"]
[SourceVersionDate "2018.08.24"]
[SourceQuality "1"]

1. e4 d6 2. d4 g6 3. g3 Bg7 4. Bg2 Nc6 5. Be3 e5 6. Ne2 Nf6 7. h3 d5 8. dxe5 Nxe4 9. Nbc3 Nxc3 10. Nxc3 Be6 11. Bxd5 Bxd5 12. Qxd5 Bxe5 13. 0-0-0 Bxc3 14. bxc3 Qxd5 15. Rxd5 Rd8 16. Rhd1 Rxd5 17. Rxd5 Ke7 18. Bg5+ f6 19. Bf4 Rc8 20. h4 Nd8 21. Rd4 Ne6 22. Re4 Kd7 23. Be3 c5 24. h5 g5 25. h6 Kd6 26. f4 Kd5 27. Ra4 a6 28. Kd2 gxf4 29. gxf4 f5 30. Ra3 Rc6 31. Rb3 b5 32. Rb1 Nf8 33. Rh1 Rg6 34. Rh2 Ne6 35. Ke2 Ke4 36. Kf2 Rg4 37. Rh3 c4 38. Rf3 Nxf4 39. Bxf4 Rxf4 40. Rxf4+ Kxf4 0-1

[Event "Nezhmetdinov Memorial 40th"]
[Site "Kazan"]
[Date "2018.09.14"]
[Round "2"]
[White "Filippova, Margarita"]
[Black "Nikolaev, Matvei"]
[Result "0-1"]
[WhiteElo "2103"]
[BlackElo "1807"]
[PlyCount "92"]
[EventDate "2018.09.13"]
[EventType "swiss"]
[EventRounds "9"]
[EventCountry "RUS"]
[SourceTitle "CBM 186 Extra"]
[Source "ChessBase"]
[SourceDate "2018.08.24"]
[SourceVersion "1"]
[SourceVersionDate "2018.08.24"]
[SourceQuality "1"]

1. Nf3 Nf6 2. c4 g6 3. Nc3 Bg7 4. e4 d6 5. d4 0-0 6. Be2 Bg4 7. 0-0 Nc6 8. Be3 Nd7 9. Qd2 Bxf3 10. Bxf3 e5 11. dxe5 dxe5 12. Bd1 Qe7 13. Nd5 Qd6 14. Rc1 Nf6 15. f3 Nd4 16. Bxd4 exd4 17. Bc2 Nxd5 18. cxd5 c6 19. Bb3 a5 20. dxc6 bxc6 21. f4 a4 22. e5 Qd7 23. Bd1 f6 24. Bf3 Rac8 25. Qd1 Rc7 26. exf6 Rxf6 27. Bg4 Qd6 28. Qxa4 Rxf4 29. Bf3 Rf6 30. Qc4+ Kh8 31. Rfd1 Bh6 32. Rc2 Be3+ 33. Kh1 Qf8 34. Qd3 c5 35. Qe4 c4 36. b3 c3 37. a4 Rc5 38. h3 Rf4 39. Qb7 Qf5 40. b4 Re5 41. Qb8+ Kg7 42. Be2 Qxc2 43. Qxe5+ Kh6 44. Qb5 Rf2 45. Bg4 Rxg2 46. Qb8 Qf2 0-1